000 01202nam0a22002531 4500
001 rc\4081947
005 20260408015652.0
021 _aRU
_b[49-17759]
035 _a(NLR Aleph) 008126411
090 _a9396081
_c9396081
100 _a20130415d1949 |||y0rusy50 ca
101 0 _arus
102 _aRU
105 _ay c |||||
200 1 _aАгротехнические указания по выращиванию защитных лесонасаждений в колхозах и совхозах Чкаловской области на 1949 год
_e[Утв. 15/IV 1949 г.
_fЧкал. обл. упр. сельского хозяйства
210 _aЧкалов]
_cЧкал. изд-во
_d1949
_gТип. изд-ва "Чкал. коммуна"
215 _a48 с.
_d22
606 _aЛесные полезащитные полосы
_xПосадка и выращивание
_yЧкаловская область
_2psbo
710 0 2 _aОренбургское областное управление сельского хозяйства
_3RU\NLR\AUTH\8810178879
_9853859
801 0 _aRU
_bNLR
_gpsbo
801 1 _aRU
_bELAR
_2rusmarc
852 _aNLR
_jС60 Г-6/100
942 _cBOOK
980 _aNB